000 00842cam a22002537i 4500
008
020 _a9780857097781 (hbk.)
049 _aMAIN
090 _aTT497
_bGER
100 1 _aGersak, Jelka.
245 1 0 _aDesign of clothing manufacturing processes :
_ba systematic approach to planning, scheduling and control /
_cJelka Gersak.
260 _aOxford :
_bWoodhead Publishing,
_c2013.
300 _axvi, 305 p. :
_bill. ;
_c24 cm.
440 1 _aWoodhead publishing series in textiles ;
_vno. 147
500 _aIncludes index.
504 _aIncludes bibliographical references.
650 0 _aReady-to-wear clothing industry.
650 0 _aClothing trade.
907 _a.b10387845
_b03-09-18
_c18-01-18
003
005 20230123141054.0
040 _cNUST
942 _cBOOKS
_kTT497
_mGER
999 _c167155
_d167155